Exposición que elevan a S.M. la Reina D. Francisco Durañona y D. Antonio Tuero, expulsados de la isla de Cuba por orden arbitraria del capitán general Domingo Dulce precedida de la contestación a la consulta jurídica que los interesados han dirigido a los Excmos. Señores D. Manuel Cortina. (Record no. 53275)

MARC details
000 -LEADER
campo de control de longitud fija 01165nam a2200265 i 4500
001 - NÚMERO DE CONTROL
campo de control 53275
003 - IDENTIFICADOR DE NÚMERO DE CONTROL
campo de control ES-MaACL
005 - FECHA Y HORA DE LA ÚLTIMA TRANSACCIÓN
campo de control 20250801063734.0
007 - CAMPO FIJO DE DESCRIPCIÓN FÍSICA--INFORMACIÓN GENERAL
campo de control de longitud fija t|
008 - DATOS DE LONGITUD FIJA--INFORMACIÓN GENERAL
campo de control de longitud fija 950913s1864 sp ||||1| spa d
040 ## - FUENTE DE CATALOGACIÓN
Centro catalogador/agencia de origen CAM
Lengua de catalogación spa
Centro/agencia transcriptor CAM
100 1# - ENTRADA PRINCIPAL--NOMBRE DE PERSONA
Nombre de persona Durañona, Francisco.
9 (RLIN) 46277
245 10 - MENCIÓN DEL TÍTULO
Título Exposición que elevan a S.M. la Reina D. Francisco Durañona y D. Antonio Tuero, expulsados de la isla de Cuba por orden arbitraria del capitán general Domingo Dulce precedida de la contestación a la consulta jurídica que los interesados han dirigido a los Excmos. Señores D. Manuel Cortina.
260 ## - PUBLICACIÓN, DISTRIBUCIÓN, ETC.
Lugar de publicación, distribución, etc. Madrid :
Nombre del editor, distribuidor, etc. [s.n.],
Fecha de publicación, distribución, etc. 1864 (
Fabricante Zacarías Soler)
300 ## - DESCRIPCIÓN FÍSICA
Extensión 35 p. ;
Dimensiones 25 cm.
530 ## - NOTA DISPONIBLE DE FORMULARIO FÍSICO ADICIONAL
Nota de formato físico adicional disponible Disponible en formato digital.
600 04 - PUNTO DE ACCESO ADICIONAL DE MATERIA--NOMBRE DE PERSONA
Nombre de persona Durañona, Francisco.
9 (RLIN) 46277
650 #4 - PUNTO DE ACCESO ADICIONAL DE MATERIA--TÉRMINO DE MATERIA
Término de materia o nombre geográfico como elemento de entrada Exilio (Penas)-
Subdivisión geográfica Cuba.
9 (RLIN) 158496
650 #7 - PUNTO DE ACCESO ADICIONAL DE MATERIA--TÉRMINO DE MATERIA
Término de materia o nombre geográfico como elemento de entrada Esclavitud-
Subdivisión general Derecho y legislación-
Subdivisión geográfica Cuba
Fuente del encabezamiento o término
9 (RLIN) 158497
650 #4 - PUNTO DE ACCESO ADICIONAL DE MATERIA--TÉRMINO DE MATERIA
Término de materia o nombre geográfico como elemento de entrada Derecho a la tutela judicial-
Subdivisión geográfica América española.
9 (RLIN) 158498
700 1# - ENTRADA AGREGADA--NOMBRE PERSONAL
Nombre de persona Tuero, Antonio.
9 (RLIN) 111643
852 ## - LOCALIZACIÓN
Ubicación ES-MaACL
Número de control de estantería T-65-F-9
856 ## - LOCALIZACIÓN Y ACCESO ELECTRÓNICOS
Identificador Uniforme de Recursos <a href="http://bdh-rd.bne.es/viewer.vm?id=0000120414&page=1 ">http://bdh-rd.bne.es/viewer.vm?id=0000120414&page=1 </a>
Nota pública Biblioteca Digital Hispánica
Holdings
Estatus retirado Estado de pérdida Estado de daño No para préstamo Colección Biblioteca de origen Biblioteca actual Ubicación en estantería Fecha de adquisición Fuente de adquisición Total de préstamos Signatura topográfica completa Código de barras Visto por última vez Precio de reemplazo Tipo de ítem Koha
        Colección de folletos Biblioteca del Ateneo de Madrid Biblioteca del Ateneo de Madrid Depósito folletos 17/01/2008     T-65-F-9 1055979 23/02/2023 23/02/2023 Folleto